[Event "FISU World University-ch 2020"]
[Site "Online"]
[Date "2020.10.26"]
[Round "3.18"]
[White "Vasquez Vasquez, Sebastian"]
[Black "Serikbay, Assel"]
[Result "0-1"]
[WhiteElo "1726"]
[BlackElo "2247"]
[Annotator "TA"]
[PlyCount "144"]
[EventDate "2020.10.26"]
[SourceTitle "playchess.com"]
[Source "ChessBase"]
[SourceQuality "1"]

1. e4 c5 2. Nf3 e6 3. Nc3 Nc6 4. Bb5 Nge7 5. O-O g6 6. d4 cxd4 7. Nxd4 Bg7 8. Be3 O-O 9. Be2 d5 10. exd5 exd5 11. Bf3 Ne5 12. Be2 a6 13. a4 Nc4 14. Bxc4 dxc4 15. Qe2 Bxd4 16. Bxd4 Qxd4 17. Qxe7 Be6 18. Rad1 Qg4 19. f3 Qf5 20. Ne4 Kg7 21. Rfe1 Rfe8 22. Qh4 h6 23. Qf2 Red8 24. Qe3 Qe5 25. Qb6 Rxd1 26. Rxd1 Bf5 27. Qxb7 Rb8 28. Qc6 Bxe4 29. fxe4 Rxb2 30. Qxc4 a5 31. Rf1 Rb7 32. c3 Re7 33. Re1 Rc7 34. Qd4 Kf6 35. Rf1+ Ke6 36. Qb6+ Ke7 37. Qb3 Kf8 38. Qb8+ Kg7 39. Qb5 Qxe4 40. h3 Qe3+ 41. Kh1 Qxc3 42. Qd5 Re7 43. Qf3 Qxf3 44. Rxf3 Re4 45. Ra3 h5 46. Kg1 Re2 47. Kf1 Rb2 48. Kg1 Kf6 49. Rc3 Rb4 50. Ra3 Ke5 51. Kf2 h4 52. Ke3 f5 53. Kf3 g5 54. g3 Kd5 55. gxh4 Rxh4 56. Kg3 Kc4 57. Rf3 f4+ 58. Kg2 Kb4 59. Rd3 Kxa4 60. Rd5 Rh5 61. h4 Rxh4 62. Rxg5 Kb4 63. Rg8 a4 64. Rb8+ Kc3 65. Ra8 Kb3 66. Rb8+ Ka2 67. Kf3 a3 68. Rb7 Ka1 69. Ke4 a2 70. Rg7 f3+ 71. Kxf3 Kb2 72. Rg2+ Kb3 0-1

[Event "FISU World University-ch 2020"]
[Site "Online"]
[Date "2020.10.26"]
[Round "3.19"]
[White "Cardona Martinez, Lina Sofia"]
[Black "Wu, Yiquan"]
[Result "0-1"]
[WhiteElo "1877"]
[BlackElo "1550"]
[Annotator "NA"]
[PlyCount "89"]
[EventDate "2020.10.26"]
[SourceTitle "playchess.com"]
[Source "ChessBase"]
[SourceQuality "1"]

1. e4 e5 2. Nf3 Nc6 3. Bb5 Nf6 4. d3 d6 5. c3 Be7 6. O-O O-O 7. Qe2 a6 8. Ba4 b5 9. Bb3 Be6 10. Bc2 h6 11. Rd1 d5 12. Nbd2 d4 13. Nf1 Nh7 14. h3 Ng5 15. Nxe5 Nxe5 16. f4 Nc6 17. fxg5 Bxg5 18. Bxg5 Qxg5 19. Qf3 f5 20. exf5 Rxf5 21. Qe2 Re5 22. Qd2 Bxh3 23. Bb3+ Kh8 24. Qxg5 Rxg5 25. Rd2 Re8 26. Kh2 Bf5 27. a4 dxc3 28. bxc3 Rd8 29. Re1 Rxd3 30. Re8+ Kh7 31. Bg8+ Kg6 32. Rxd3 Bxd3 33. Re6+ Kh5 34. Ng3+ Kh4 35. Rxc6 Rxg3 36. Rxc7 Be4 37. Re7 Rxg2+ 38. Kh1 Rg4+ 39. Kh2 bxa4 40. Re5 g5 41. Re6 h5 42. Rxa6 Rg2+ 43. Kh1 Rc2+ 44. Kg1 Kg3 45. Bc4 0-1

[Event "FISU World University-ch 2020"]
[Site "Online"]
[Date "2020.10.26"]
[Round "3.19"]
[White "Chen, Yiru"]
[Black "Blandon, Luis Guillermo"]
[Result "0-1"]
[WhiteElo "1828"]
[BlackElo "2251"]
[Annotator "NA"]
[PlyCount "92"]
[EventDate "2020.10.26"]
[SourceTitle "playchess.com"]
[Source "ChessBase"]
[SourceQuality "1"]

1. e4 c5 2. Nf3 d6 3. d4 cxd4 4. Nxd4 Nf6 5. Nc3 g6 6. Be3 Bg7 7. f3 O-O 8. Qd2 Nc6 9. O-O-O d5 10. Kb1 Nxd4 11. Bxd4 dxe4 12. Nxe4 Nxe4 13. fxe4 Bxd4 14. Qxd4 Bg4 15. Qxd8 Rfxd8 16. Rxd8+ Rxd8 17. Bd3 Kg7 18. h3 Be6 19. b3 Kf6 20. Kb2 Kg5 21. Rf1 Kh4 22. Rf3 h5 23. Kc3 g5 24. Be2 g4 25. hxg4 hxg4 26. Re3 Kg5 27. g3 Kf6 28. e5+ Kg5 29. Re4 Bf5 30. Rc4 Rd5 31. Rc7 Rxe5 32. Bd3 Re3 33. Rxb7 Bxd3 34. cxd3 Rxg3 35. Rxe7 Rf3 36. Re1 g3 37. Kc4 f5 38. d4 g2 39. Rg1 Rf2 40. d5 f4 41. Kd3 f3 42. d6 Kf6 43. Re1 Re2 44. d7 Ke7 45. Rxe2+ fxe2 46. Kxe2 g1=Q 0-1

[Event "FISU World University-ch 2020"]
[Site "Online"]
[Date "2020.10.26"]
[Round "3.20"]
[White "Sanchez Sandoval, Gonzalo"]
[Black "Georgescu, Lena"]
[Result "1-0"]
[WhiteElo "2358"]
[BlackElo "2276"]
[Annotator "NA"]
[PlyCount "73"]
[EventDate "2020.10.26"]
[SourceTitle "playchess.com"]
[Source "ChessBase"]
[SourceQuality "1"]

1. e4 e5 2. Nf3 Nc6 3. d4 exd4 4. Nxd4 Bc5 5. Nb3 Bb6 6. Nc3 Nf6 7. Qe2 a5 8. Bg5 a4 9. Nd2 Nd4 10. Qd3 h6 11. Be3 Nc6 12. Bxb6 cxb6 13. Nc4 O-O 14. O-O-O a3 15. Nxa3 d6 16. Qxd6 Qe8 17. Bb5 Nxe4 18. Nxe4 Qxe4 19. Rhe1 Qb4 20. Bxc6 Qxd6 21. Rxd6 bxc6 22. Rxc6 b5 23. Rb6 Ba6 24. c3 Rfb8 25. Rxb8+ Rxb8 26. Nc2 Kf8 27. a3 Bc8 28. Nd4 Bd7 29. Kc2 g6 30. Kb3 Rc8 31. Re5 Rb8 32. Kb4 f6 33. Rd5 Ke7 34. f3 f5 35. Nxb5 Bc6 36. Re5+ Kd7 37. c4 1-0

[Event "FISU World University-ch 2020"]
[Site "Online"]
[Date "2020.10.26"]
[Round "3.20"]
[White "Meylan, Andre"]
[Black "Barriga Silva, Felipe"]
[Result "1-0"]
[WhiteElo "2205"]
[BlackElo "2125"]
[Annotator "NA"]
[PlyCount "45"]
[EventDate "2020.10.26"]
[SourceTitle "playchess.com"]
[Source "ChessBase"]
[SourceQuality "1"]

1. e4 c5 2. Nf3 d6 3. d4 cxd4 4. Nxd4 Nf6 5. Nc3 g6 6. Be3 Bg7 7. Be2 Nc6 8. O-O O-O 9. f4 Qb6 10. Qd3 Ng4 11. Bxg4 Bxg4 12. Nd5 Qd8 13. f5 Rc8 14. Rf2 Ne5 15. Qb3 gxf5 16. exf5 Nc4 17. h3 Nxe3 18. Qxe3 e5 19. f6 Bh5 20. Ne7+ Kh8 21. fxg7+ Kxg7 22. Qg5+ Bg6 23. Ndf5+ 1-0

[Event "FISU World University-ch 2020"]
[Site "Online"]
[Date "2020.10.26"]
[Round "3.20"]
[White "Greau Carreno, Rodrigo Alberto"]
[Black "Dill, Xaver"]
[Result "0-1"]
[WhiteElo "1668"]
[BlackElo "2138"]
[Annotator "NA"]
[PlyCount "62"]
[EventDate "2020.10.26"]
[SourceTitle "playchess.com"]
[Source "ChessBase"]
[SourceQuality "1"]

1. e4 e5 2. Nf3 Nc6 3. Bb5 a6 4. Ba4 Nf6 5. O-O Be7 6. Re1 b5 7. Bb3 O-O 8. c3 d6 9. h3 Nb8 10. d4 Nbd7 11. Nbd2 Bb7 12. Bc2 Re8 13. Nf1 Bf8 14. Ng3 h6 15. a4 g6 16. Bd2 Bg7 17. Bb3 exd4 18. cxd4 Nxe4 19. Nxe4 Rxe4 20. Rxe4 Bxe4 21. Qe2 Nf6 22. Bc3 c6 23. Nd2 Bd5 24. Bc2 Rb8 25. axb5 axb5 26. Bb4 Qd7 27. Nf3 Re8 28. Qd1 Nh5 29. Nh2 Nf4 30. f3 Bxd4+ 31. Kf1 Bc4+ 0-1

[Event "FISU World University-ch 2020"]
[Site "Online"]
[Date "2020.10.26"]
[Round "3.21"]
[White "Sandoval Mercado, Carlos"]
[Black "Hernandez Vazquez, Gerardo"]
[Result "1/2-1/2"]
[WhiteElo "2298"]
[BlackElo "1886"]
[Annotator "TA"]
[PlyCount "160"]
[EventDate "2020.10.26"]
[SourceTitle "playchess.com"]
[Source "ChessBase"]
[SourceQuality "1"]

1. d4 d5 2. Nf3 Nf6 3. g3 g6 4. Bg2 Bg7 5. O-O O-O 6. c4 c6 7. b3 Ne4 8. Bb2 f5 9. Ne5 e6 10. Nd2 Nd7 11. Nxd7 Bxd7 12. Nf3 a5 13. Ne5 Nf6 14. Rc1 a4 15. Ba3 Re8 16. b4 Ne4 17. c5 Rf8 18. f3 Ng5 19. e3 Nf7 20. f4 Be8 21. Rf2 g5 22. Rb2 Nxe5 23. dxe5 Kh8 24. Bf1 Bh6 25. b5 gxf4 26. exf4 Rg8 27. Kh1 Qc7 28. Qd4 Rg4 29. Be2 Rg7 30. Rcb1 Qc8 31. bxc6 Bxc6 32. Bb5 Rc7 33. Bxc6 bxc6 34. Rb6 Bf8 35. R1b4 Rca7 36. Qb2 Kg8 37. Rb8 Qa6 38. Kg2 Qd3 39. Rxa8 Rxa8 40. Rb7 Qe4+ 41. Kf2 Qh1 42. h4 Qh2+ 43. Kf3 Qh1+ 44. Kf2 Qh2+ 45. Kf3 Qh1+ 46. Qg2 Qd1+ 47. Qe2 Qh1+ 48. Ke3 Qe4+ 49. Kf2 Qd4+ 50. Kg2 Qe4+ 51. Qf3 Qc2+ 52. Kh3 Bg7 53. Qh5 Rf8 54. Qg5 Rf7 55. Rb8+ Rf8 56. Rb7 Rf7 57. Rb8+ Rf8 58. Rxf8+ Kxf8 59. Qd8+ Kf7 60. Qd7+ Kf8 61. Qd8+ Kf7 62. Qd7+ Kf8 63. Qxe6 Qb1 64. Qc8+ Kf7 65. e6+ Kg6 66. Qe8+ Kh6 67. Kh2 Qc2+ 68. Kh3 Qd1 69. Kg2 Qe2+ 70. Kh1 Bd4 71. Qf8+ Bg7 72. Qxf5 Qf1+ 73. Kh2 Qf2+ 74. Kh3 Qf1+ 75. Kh2 Qf2+ 76. Kh3 Qf1+ 77. Kg4 Qe2+ 78. Kh3 Qf1+ 79. Kg4 Qe2+ 80. Kh3 Qf1+ 1/2-1/2

[Event "FISU World University-ch 2020"]
[Site "Online"]
[Date "2020.10.26"]
[Round "3.21"]
[White "Real Pereyra, Diana Carime"]
[Black "Rodriguez Silva, Sheila Angelica"]
[Result "1-0"]
[WhiteElo "2042"]
[BlackElo "1745"]
[Annotator "NA"]
[PlyCount "63"]
[EventDate "2020.10.26"]
[SourceTitle "playchess.com"]
[Source "ChessBase"]
[SourceQuality "1"]

1. e4 c5 2. Nf3 e6 3. Nc3 a6 4. d4 cxd4 5. Nxd4 b5 6. g3 Bb7 7. Bg2 Nf6 8. O-O b4 9. Na4 Bxe4 10. Bxe4 Nxe4 11. Re1 Nc5 12. c3 Nxa4 13. Qxa4 bxc3 14. Nxe6 fxe6 15. Rxe6+ Be7 16. Bg5 Nc6 17. Bxe7 Nxe7 18. Rae1 cxb2 19. Rxe7+ Qxe7 20. Rxe7+ Kxe7 21. Qb4+ Kf7 22. Qb3+ Kg6 23. Qxb2 Rhd8 24. Qc2+ Kh6 25. h4 g6 26. Qd2+ Kg7 27. Qd4+ Kg8 28. Qd5+ Kg7 29. g4 Rab8 30. Qd6 Rbc8 31. h5 Rc6 32. Qe7+ 1-0

[Event "FISU World University-ch 2020"]
[Site "Online"]
[Date "2020.10.26"]
[Round "3.21"]
[White "Perez, Murillo Angel"]
[Black "Gracia Alvarez, Gerardo An"]
[Result "1-0"]
[WhiteElo "1963"]
[BlackElo "2308"]
[Annotator "NA"]
[PlyCount "55"]
[EventDate "2020.10.26"]
[SourceTitle "playchess.com"]
[Source "ChessBase"]
[SourceQuality "1"]

1. d4 Nf6 2. c4 c5 3. e3 cxd4 4. exd4 d5 5. Nf3 Nc6 6. Nc3 Bg4 7. cxd5 Nxd5 8. Bd3 e6 9. O-O Be7 10. h3 Bxf3 11. Qxf3 Nxd4 12. Qe4 Nc6 13. Rd1 Nf6 14. Qc4 Qd4 15. Qxd4 Nxd4 16. Nb5 Nxb5 17. Bxb5+ Kf8 18. Bd2 Nd5 19. Bc4 f6 20. Bxd5 exd5 21. Rac1 b6 22. Rc7 d4 23. Re1 Bc5 24. b4 Bd6 25. Rd7 Be5 26. f4 Re8 27. fxe5 fxe5 28. Rf1+ 1-0

[Event "FISU World University-ch 2020"]
[Site "Online"]
[Date "2020.10.26"]
[Round "3.21"]
[White "Hernandez Rendon, Carlos A"]
[Black "Tello Chavez, Isaac Valent"]
[Result "0-1"]
[WhiteElo "1838"]
[BlackElo "2275"]
[Annotator "NA"]
[PlyCount "62"]
[EventDate "2020.10.26"]
[SourceTitle "playchess.com"]
[Source "ChessBase"]
[SourceQuality "1"]

1. e4 d5 2. exd5 Qxd5 3. Nc3 Qd8 4. g3 g6 5. Bg2 Bg7 6. Nge2 Nh6 7. d3 Nf5 8. Bf4 Nc6 9. Qd2 e5 10. Bg5 f6 11. Be3 O-O 12. O-O Nxe3 13. fxe3 Bh6 14. Nd5 Kg7 15. c4 Ne7 16. Nec3 c6 17. Nxe7 Qxe7 18. Qf2 Be6 19. Rad1 Rad8 20. Rfe1 Rd7 21. b3 Qb4 22. Qb2 Rfd8 23. d4 Bg4 24. a3 Qe7 25. d5 Bxd1 26. Nxd1 e4 27. Nc3 Qe5 28. Qd2 f5 29. Rd1 Kh8 30. Bf1 Bg7 31. Na4 b6 0-1

[Event "FISU World University-ch 2020"]
[Site "Online"]
[Date "2020.10.26"]
[Round "3.22"]
[White "Azman Hisham, Nur Najiha"]
[Black "Kuruppu, Supun Dasantha"]
[Result "1-0"]
[WhiteElo "1975"]
[BlackElo "1826"]
[Annotator "NA"]
[PlyCount "79"]
[EventDate "2020.10.26"]
[SourceTitle "playchess.com"]
[Source "ChessBase"]
[SourceQuality "1"]

1. d4 Nf6 2. c4 g6 3. Nc3 Bg7 4. e4 d6 5. Nf3 O-O 6. Be2 e5 7. O-O Nc6 8. d5 Ne7 9. b4 Ne8 10. Ne1 f5 11. f3 f4 12. c5 g5 13. Ba3 h5 14. Rc1 Rf7 15. b5 b6 16. cxd6 cxd6 17. Na4 Bf8 18. Nb2 Rg7 19. g4 hxg4 20. fxg4 Nf6 21. Bf3 Qd7 22. Nc4 Ng6 23. Nd3 Rh7 24. Nf2 Nh4 25. h3 Qxb5 26. Bxd6 Bxd6 27. Nxd6 Qa6 28. Nd3 Bd7 29. Nxe5 Ba4 30. Qd4 Nxf3+ 31. Nxf3 Rxh3 32. Nf5 Rf8 33. Nxg5 Qe2 34. Nxh3 Qxg4+ 35. Kh2 Qe2+ 36. Kh1 f3 37. Rf2 Qb5 38. Rg1+ Kh8 39. Rh2 f2 40. Nxf2# 1-0

[Event "FISU World University-ch 2020"]
[Site "Online"]
[Date "2020.10.26"]
[Round "3.22"]
[White "Azman Hisham, Nur Nabila"]
[Black "Koggala, W S T D"]
[Result "1/2-1/2"]
[WhiteElo "1936"]
[BlackElo "1480"]
[Annotator "NA"]
[PlyCount "82"]
[EventDate "2020.10.26"]
[SourceTitle "playchess.com"]
[Source "ChessBase"]
[SourceQuality "1"]

1. d4 Nf6 2. c4 c5 3. d5 b5 4. cxb5 a6 5. b6 d6 6. Nc3 Nbd7 7. e4 g6 8. Nf3 Bg7 9. Be2 Nxb6 10. O-O O-O 11. Nd2 Bb7 12. Nc4 Nxc4 13. Bxc4 Qb6 14. Rb1 Rfb8 15. Bd2 Nd7 16. Qe2 Qc7 17. f4 Nb6 18. b3 Bc8 19. Qd3 Qd7 20. Ne2 Nxc4 21. bxc4 Qa4 22. Nc3 Qd7 23. Rb3 Qg4 24. Rfb1 Rxb3 25. axb3 Bd4+ 26. Kh1 Rb8 27. Ne2 Bg7 28. Rf1 Qd7 29. Qf3 Qb7 30. Rb1 f5 31. e5 dxe5 32. fxe5 Bxe5 33. Bf4 Qc7 34. Qe3 Bd6 35. Bh6 Bd7 36. g3 Re8 37. Nf4 e5 38. dxe6 Bxf4 39. Bxf4 Qc6+ 40. Kg1 Rxe6 41. Qd2 Qe4 1/2-1/2

[Event "FISU World University-ch 2020"]
[Site "Online"]
[Date "2020.10.26"]
[Round "3.22"]
[White "Jayasinghe, Keeth M S"]
[Black "Ahmad Nazari, Emir Rusyaidi"]
[Result "0-1"]
[WhiteElo "1726"]
[BlackElo "1963"]
[Annotator "NA"]
[PlyCount "80"]
[EventDate "2020.10.26"]
[SourceTitle "playchess.com"]
[Source "ChessBase"]
[SourceQuality "1"]

1. d4 Nf6 2. Bf4 c5 3. e3 Qb6 4. Nc3 a6 5. Na4 Qa5+ 6. c3 cxd4 7. exd4 d5 8. Qb3 Nc6 9. Nf3 b5 10. Nc5 Bg4 11. Rd1 Bxf3 12. gxf3 e6 13. Nb7 Qb6 14. Nd6+ Bxd6 15. Bxd6 Nxd4 16. Rxd4 Qxd6 17. a4 O-O 18. axb5 axb5 19. Be2 Qe5 20. Qd1 Nh5 21. Qc1 Rfc8 22. Qe3 Ra1+ 23. Bd1 Qf6 24. O-O e5 25. Rg4 Nf4 26. Qd2 h5 27. Rg3 Rd8 28. b3 d4 29. Qb2 Rda8 30. cxd4 exd4 31. Qd2 R8a2 32. Qb4 d3 33. Kh1 g6 34. Qxb5 Rd2 35. Rgg1 Nh3 36. Qb4 Nxf2+ 37. Rxf2 Rxf2 38. Re1 Rxd1 39. Rxd1 Qxf3+ 40. Kg1 Qg2# 0-1

[Event "FISU World University-ch 2020"]
[Site "Online"]
[Date "2020.10.26"]
[Round "3.22"]
[White "Perera, Thilina"]
[Black "Azhar, Muhd Irfan Haqqim"]
[Result "1-0"]
[WhiteElo "1434"]
[BlackElo "1830"]
[Annotator "NA"]
[PlyCount "63"]
[EventDate "2020.10.26"]
[SourceTitle "playchess.com"]
[Source "ChessBase"]
[SourceQuality "1"]

1. e4 c5 2. Nc3 e6 3. f4 Be7 4. Nf3 Nc6 5. Bb5 Nd4 6. Be2 a6 7. d3 b5 8. O-O Bb7 9. Be3 Qb6 10. Nb1 Nf6 11. h3 d5 12. e5 Nd7 13. Nxd4 cxd4 14. Bf2 a5 15. Nd2 Rc8 16. Nf3 Bc5 17. Rc1 O-O 18. Kh1 f6 19. Bg1 fxe5 20. fxe5 Qc7 21. Bh2 h6 22. Qe1 Rf7 23. Qg3 Rcf8 24. Qg6 Qb6 25. Bg1 Rc8 26. Ng5 Nxe5 27. Qh7+ Kf8 28. Nxf7 Nxf7 29. Rxf7+ Kxf7 30. Rf1+ Ke8 31. Qxg7 e5 32. Rf7 1-0

[Event "FISU World University-ch 2020"]
[Site "Online"]
[Date "2020.10.26"]
[Round "3.23"]
[White "Quiroga Jaquez, Angel Ivan"]
[Black "Engaitah, Abdalsalam A."]
[Result "1-0"]
[WhiteElo "2178"]
[BlackElo "1944"]
[Annotator "TA"]
[PlyCount "99"]
[EventDate "2020.10.26"]
[SourceTitle "playchess.com"]
[Source "ChessBase"]
[SourceQuality "1"]

1. Nf3 d5 2. b3 Nf6 3. Bb2 e6 4. e3 Be7 5. d4 O-O 6. Bd3 b6 7. Nbd2 Bb7 8. Ne5 Nbd7 9. f4 c5 10. O-O Qc7 11. Rc1 Ne4 12. c4 Qd6 13. cxd5 exd5 14. Nxe4 dxe4 15. Bc4 cxd4 16. Bxd4 Bd5 17. Nxd7 Bxc4 18. Qg4 g6 19. Rxc4 f5 20. Qh3 Qxd7 21. Rfc1 Rfc8 22. Qh6 Bf8 23. Qh4 Bg7 24. Qe1 Rxc4 25. Rxc4 Rc8 26. Qc3 Rxc4 27. Qxc4+ Kf8 28. Kf2 Bxd4 29. exd4 b5 30. Qc5+ Ke8 31. Ke3 Kd8 32. d5 Qc7 33. Qf8+ Kd7 34. Qf7+ Kc8 35. Qe8+ Kb7 36. Qxb5+ Qb6+ 37. Qxb6+ Kxb6 38. b4 Kc7 39. Kd4 Kd6 40. a4 e3 41. Kxe3 Kxd5 42. Kd3 h6 43. h4 a6 44. g3 h5 45. a5 Ke6 46. Kc4 Kd6 47. b5 axb5+ 48. Kxb5 Kc7 49. Kc5 Kb7 50. Kd5 1-0

[Event "FISU World University-ch 2020"]
[Site "Online"]
[Date "2020.10.26"]
[Round "3.23"]
[White "Alharari, Mohammed Alsouri"]
[Black "Garcia de Dios, Jose Antonio"]
[Result "1/2-1/2"]
[WhiteElo "2018"]
[BlackElo "2206"]
[Annotator "NA"]
[PlyCount "89"]
[EventDate "2020.10.26"]
[SourceTitle "playchess.com"]
[Source "ChessBase"]
[SourceQuality "1"]

1. d4 Nf6 2. Nf3 b6 3. Bf4 Bb7 4. e3 e6 5. h3 Be7 6. Be2 O-O 7. O-O c5 8. c3 d6 9. Nbd2 Nbd7 10. Nc4 Ne4 11. dxc5 Ndxc5 12. Qc2 d5 13. Nce5 f6 14. Nd3 Nd7 15. Nd4 Kf7 16. Bh2 Re8 17. f3 Nd6 18. Nb4 Nf8 19. Nbc6 Qc7 20. Nxe7 Qxe7 21. Bd3 Kg8 22. Qb3 Rec8 23. Rfe1 Kh8 24. Rad1 Nd7 25. Bb1 e5 26. Qc2 g6 27. Ne2 Nc5 28. Nc1 Rd8 29. Nd3 Nxd3 30. Qxd3 Nc4 31. Qe2 Rac8 32. Kh1 b5 33. Bd3 b4 34. Bxc4 Rxc4 35. cxb4 Qxb4 36. b3 Rc3 37. Qb2 Rdc8 38. Rd2 Qc5 39. Rde2 Rc2 40. Rxc2 Qxc2 41. Bxe5 fxe5 42. Qxe5+ Kg8 43. Qe6+ Kf8 44. Qf6+ Kg8 45. Qe6+ 1/2-1/2

[Event "FISU World University-ch 2020"]
[Site "Online"]
[Date "2020.10.26"]
[Round "3.23"]
[White "Alfaitori, Abdallah"]
[Black "Luna Javier, Edgar Froylan"]
[Result "0-1"]
[WhiteElo "1918"]
[BlackElo "2114"]
[Annotator "NA"]
[PlyCount "52"]
[EventDate "2020.10.26"]
[SourceTitle "playchess.com"]
[Source "ChessBase"]
[SourceQuality "1"]

1. d4 Nf6 2. Nf3 g6 3. Bf4 Bg7 4. e3 O-O 5. h3 d6 6. Be2 Nbd7 7. O-O b6 8. c4 Bb7 9. Nc3 Re8 10. Re1 e5 11. Bh2 Ne4 12. d5 Nxc3 13. bxc3 Nc5 14. Qc2 f5 15. Nd2 Qf6 16. Nb3 Ne4 17. f3 Ng5 18. h4 Nf7 19. g3 Nh6 20. Rac1 f4 21. g4 Qxh4 22. exf4 Bc8 23. fxe5 Bxe5 24. Bxe5 Rxe5 25. Nd4 Bxg4 26. f4 Qg3+ 0-1

[Event "FISU World University-ch 2020"]
[Site "Online"]
[Date "2020.10.26"]
[Round "3.24"]
[White "Ferreira, Hugo Miguel Da Costa"]
[Black "Muniz, Francisco Allysson d"]
[Result "0-1"]
[WhiteElo "2081"]
[BlackElo "2061"]
[Annotator "TA"]
[PlyCount "150"]
[EventDate "2020.10.26"]
[SourceTitle "playchess.com"]
[Source "ChessBase"]
[SourceQuality "1"]

1. d4 d5 2. Nf3 Nf6 3. Bf4 c5 4. e3 Nc6 5. c3 cxd4 6. exd4 Bf5 7. Bb5 Rc8 8. O-O e6 9. Ne5 Bd6 10. Qa4 Bxe5 11. Bxe5 a6 12. Bxc6+ Rxc6 13. Nd2 O-O 14. Rfe1 Nd7 15. Bg3 Qb6 16. Qa3 Re8 17. h3 Qb5 18. Nf3 Rb6 19. b3 Rc6 20. Rac1 Be4 21. c4 Qb6 22. Nd2 Qxd4 23. Nxe4 dxe4 24. Rcd1 Qc5 25. b4 Qe7 26. Rxe4 h6 27. c5 Nf6 28. Re2 Rd8 29. Qa4 Rcc8 30. Red2 Rxd2 31. Rxd2 Ne4 32. Qd7 Qf8 33. Bd6 Qd8 34. Be7 Qc7 35. Qxc7 Rxc7 36. Rd8+ Kh7 37. Bd6 Nxd6 38. Rxd6 Kg6 39. Kf1 Kf6 40. Ke2 Ke5 41. Ke3 g5 42. g3 f6 43. a3 h5 44. Rd8 a5 45. Rb8 axb4 46. axb4 Kd5 47. Kd3 Rd7 48. Kc3 Ke4 49. b5 Kf3 50. Kc4 Kxf2 51. c6 bxc6 52. bxc6 Rc7 53. Kc5 e5 54. g4 hxg4 55. hxg4 e4 56. Kd6 Ra7 57. c7 Rxc7 58. Kxc7 Kf3 59. Rf8 e3 60. Rxf6+ Kxg4 61. Kd6 e2 62. Re6 Kf3 63. Rf6+ Ke3 64. Re6+ Kd2 65. Re4 g4 66. Ke5 g3 67. Kf4 g2 68. Kf3 g1=Q 69. Rxe2+ Kd3 70. Rg2 Qf1+ 71. Kg3 Ke3 72. Kh2 Qe1 73. Rg3+ Kf2 74. Rg2+ Kf3 75. Rg1 Qh4# 0-1

[Event "FISU World University-ch 2020"]
[Site "Online"]
[Date "2020.10.26"]
[Round "3.24"]
[White "Dos Santos, Lucas Vinicius Monte"]
[Black "Fernandes, Tiago Saraiva"]
[Result "0-1"]
[WhiteElo "1938"]
[BlackElo "1950"]
[Annotator "NA"]
[PlyCount "54"]
[EventDate "2020.10.26"]
[SourceTitle "playchess.com"]
[Source "ChessBase"]
[SourceQuality "1"]

1. e4 c5 2. Nf3 Nc6 3. Bc4 g6 4. d3 Bg7 5. Nc3 e6 6. O-O Nge7 7. Bg5 O-O 8. Qd2 Re8 9. Rfe1 d6 10. Bh6 Bh8 11. a3 a6 12. h4 Ne5 13. Nxe5 Bxe5 14. h5 b5 15. Ba2 Nc6 16. Bg5 Bf6 17. Bxf6 Qxf6 18. hxg6 hxg6 19. Nd1 Kg7 20. g3 Nd4 21. Re3 Nf3+ 22. Rxf3 Qxf3 23. Ne3 Rh8 24. Ng2 e5 25. Qe3 Bg4 26. Rf1 Rh3 27. Nh4 Rh1# 0-1

[Event "FISU World University-ch 2020"]
[Site "Online"]
[Date "2020.10.26"]
[Round "3.24"]
[White "Assuncao, Darlane Brito"]
[Black "Monteiro, Paulo Alexandre G"]
[Result "0-1"]
[WhiteElo "1705"]
[BlackElo "2049"]
[Annotator "NA"]
[PlyCount "86"]
[EventDate "2020.10.26"]
[SourceTitle "playchess.com"]
[Source "ChessBase"]
[SourceQuality "1"]

1. d4 Nf6 2. Nf3 g6 3. Bf4 Bg7 4. e3 O-O 5. h3 d6 6. c3 b6 7. Be2 Bb7 8. O-O Nbd7 9. Nbd2 Re8 10. Qb3 e5 11. dxe5 dxe5 12. Bh2 Nc5 13. Qc2 Nfe4 14. b4 Nxd2 15. Nxd2 Nd7 16. Rad1 Qe7 17. Qb3 a5 18. a3 Ra7 19. Nb1 h5 20. Rd2 Nf6 21. f3 Bh6 22. c4 axb4 23. axb4 Rea8 24. Kf2 Bc6 25. Qc3 Bg7 26. b5 Bb7 27. Kg1 e4 28. f4 Ng4 29. Qb3 Ra3 30. Nxa3 Rxa3 31. Qb1 Nxe3 32. Rc1 Qc5 33. Kh1 Ra1 34. Qxa1 Bxa1 35. Rxa1 Nxg2 36. Rd8+ Kg7 37. Bf1 Nh4 38. Rad1 e3+ 39. R1d5 Qe7 40. Kg1 e2 41. Bxe2 Qxe2 42. Rd2 Nf3+ 43. Kh1 Qf1+ 0-1

[Event "FISU World University-ch 2020"]
[Site "Online"]
[Date "2020.10.26"]
[Round "3.24"]
[White "Santos, Rita Alexandra L Sil"]
[Black "Araujo, Lucas Filipe Echer"]
[Result "0-1"]
[WhiteElo "1606"]
[BlackElo "1788"]
[Annotator "NA"]
[PlyCount "57"]
[EventDate "2020.10.26"]
[SourceTitle "playchess.com"]
[Source "ChessBase"]
[SourceQuality "1"]

1. e4 c5 2. Nf3 g6 3. d4 cxd4 4. Nxd4 Bg7 5. Be3 Nc6 6. c4 Nf6 7. Nc3 d6 8. h3 O-O 9. Be2 Bd7 10. O-O a6 11. a3 Rc8 12. Rc1 Qa5 13. Nd5 Nxd5 14. cxd5 Nxd4 15. Bxd4 Rxc1 16. Qxc1 Bxd4 17. b4 Qb6 18. Qf4 Rc8 19. h4 Rc3 20. h5 Rxa3 21. hxg6 hxg6 22. Qg5 Bf6 23. Qg3 Rxg3 24. Kh2 Rb3 25. f4 Qe3 26. Bf3 Qxf4+ 27. Kg1 Bd4+ 28. Rf2 Rb1+ 29. Bd1 0-1

[Event "FISU World University-ch 2020"]
[Site "Online"]
[Date "2020.10.26"]
[Round "3.25"]
[White "Moreno Estebanez, Patxi"]
[Black "Cilento, Lucas Geraldo"]
[Result "1-0"]
[WhiteElo "2226"]
[BlackElo "1952"]
[Annotator "NA"]
[PlyCount "67"]
[EventDate "2020.10.26"]
[SourceTitle "playchess.com"]
[Source "ChessBase"]
[SourceQuality "1"]

1. e4 c5 2. Nc3 Nc6 3. Bb5 e6 4. Nge2 Nge7 5. O-O a6 6. Bxc6 Nxc6 7. d3 g6 8. Be3 d6 9. d4 cxd4 10. Nxd4 Bg7 11. Nxc6 bxc6 12. Bd4 O-O 13. Bxg7 Kxg7 14. Qd2 d5 15. Qd4+ Qf6 16. e5 Qe7 17. Na4 a5 18. Rfe1 Rb8 19. a3 Rb5 20. c4 c5 21. Qd3 Rb8 22. cxd5 exd5 23. Qxd5 Bb7 24. Qc4 Qg5 25. g3 h5 26. Nxc5 Bf3 27. Qc3 Qf5 28. e6+ Kh7 29. Re5 Qg4 30. h3 Qxh3 31. Qxf3 fxe6 32. Qe3 Rxb2 33. Nxe6 Rf5 34. Qa7+ 1-0